Mapa chráněných území přírody ČSR. 26-1 ; 16-3, Čadca /
| Korporativní autor: | Státní ústav památkové péče a ochrany přírody |
|---|---|
| Další autoři: | Kos, Jan, 1957-, Maršáková, Marie, 1926-2008, Český úřad geodetický a kartografický, Ústřední ústav geologický |
| Jazyk: | Slovenština Čeština |
| Vydáno: |
Praha : Vydal Ústřední ústav geologický, 1986 |
| Vydání: | Vydání první |
| Edice: |
Základní mapa ČSR 1:100 000 ;
26-1, 1986 Základní mapa ČSR 1:100 000 ; 16-3, 1986 Soubor geologických a účelových map ; 26-1, 1986 Soubor geologických a účelových map ; 16-3, 1986 |
| Témata: | |
| Externí odkaz: |
Digitalizovaný dokument
|
| Fyzický popis: |
1 mapa : barevná ; 38 x 49 cm, na listu 47 x 69 cm |
| LEADER | 02874aem a2200613 i 4500 | ||
|---|---|---|---|
| 001 | 000433167 | ||
| 003 | CZ BrMZK | ||
| 005 | 20190807163526.0 | ||
| 007 | aj|canzn | ||
| 008 | 010907s1986 xr a 0 cze d | ||
| 034 | 1 | |a a |b 100000 |d E0184008 |e E0192018 |f N0494228 |g N0492155 | |
| 040 | |a BOA001 |b cze |e rda | ||
| 041 | 0 | |a cze |a slo | |
| 043 | |a e-xo--- |a e-xr--- |b e-xr-mo |a e-pl--- | ||
| 072 | 7 | |a 502 |x Životní prostředí a jeho ochrana |2 Konspekt |9 2 | |
| 072 | 7 | |a 912 |x Mapy. Atlasy. Glóby |2 Konspekt |9 7 | |
| 080 | |a 502.21(1-751) |2 MRF | ||
| 080 | |a 913(437.6) |2 MRF | ||
| 080 | |a 913(437.326) |2 MRF | ||
| 080 | |a 913(438) |2 MRF | ||
| 080 | |a (084.3)502.172 |2 MRF | ||
| 110 | 2 | |a Státní ústav památkové péče a ochrany přírody |7 ko2001100240 |4 ctg | |
| 245 | 1 | 0 | |a Mapa chráněných území přírody ČSR. |n 26-1 ; 16-3, |p Čadca / |c Sestavil Státní ústav památkové péče a ochrany přírody ; Redaktor listu M. Maršáková ; Spolupráce J. Kos |
| 246 | 3 | 0 | |a Čadca |
| 246 | 3 | 0 | |a 26-1 |
| 246 | 3 | 0 | |a 16-3 |
| 250 | |a Vydání první | ||
| 255 | |a Měřítko 1:100 000 |c (E 18°40'08"--E 19°20'18"/N 49°42'28"--N 49°21'55") | ||
| 264 | 1 | |a Praha : |b Vydal Ústřední ústav geologický, |c 1986 | |
| 264 | 3 | |a Praha : |b Reprodukční zpracování a tisk OT, |c 1986 | |
| 300 | |a 1 mapa : |b barevná ; |c 38 x 49 cm, na listu 47 x 69 cm | ||
| 336 | |a kartografický obraz |b cri |2 rdacontent | ||
| 337 | |a bez média |b n |2 rdamedia | ||
| 338 | |a list |b nb |2 rdacarrier | ||
| 490 | 1 | |a [Základní mapa ČSR 1:100 000] ; |v 26-1, 1986 | |
| 490 | 1 | |a [Základní mapa ČSR 1:100 000] ; |v 16-3, 1986 | |
| 490 | 1 | |a Soubor geologických a účelových map ; |v 26-1, 1986 | |
| 490 | 1 | |a Soubor geologických a účelových map ; |v 16-3, 1986 | |
| 500 | |a Další údaje o vydání: Redakční uzávěrka 1. 6. 1986 ; Stav ke dni 1. 1. 1983 ; Pro vnitřní potřebu státních orgánů a socialistických organizací | ||
| 500 | |a Dostupné též v digitální podobě v aplikaci Kramerius | ||
| 650 | 7 | |a chráněná území |7 ph114251 |2 czenas | |
| 651 | 7 | |a Čadca (Slovensko : oblast) |7 xx0117220 |2 czenas | |
| 655 | 7 | |a mapy chráněných území |7 fd808067 |2 czenas | |
| 700 | 1 | |a Kos, Jan, |d 1957- |7 xx0033182 |4 red | |
| 700 | 1 | |a Maršáková, Marie, |d 1926-2008 |7 jk01080292 |4 edt | |
| 710 | 2 | |a Český úřad geodetický a kartografický |7 ko2004231816 |4 ctg | |
| 710 | 2 | |a Ústřední ústav geologický |7 kn20010725011 |4 pbl | |
| 830 | 0 | |a Základní mapa ČSR 1:100 000 ; |v 26-1, 1986 | |
| 830 | 0 | |a Základní mapa ČSR 1:100 000 ; |v 16-3, 1986 | |
| 830 | 0 | |a Soubor geologických a účelových map ; |v 26-1, 1986 | |
| 830 | 0 | |a Soubor geologických a účelových map ; |v 16-3, 1986 | |
| 856 | 4 | 1 | |u http://www.digitalniknihovna.cz/mzk/uuid/uuid:0c7ff7c0-cd58-11e9-9b82-005056827e52 |y Digitalizovaný dokument |x NDK |
| 910 | |a BOA001 |b Mpa-0919.654,26-1-86 | ||
| 990 | |a MP | ||
English
Čeština 